|
|
|
|
| LEADER |
00000nam2a2200000 4500 |
| 001 |
96976 |
| 005 |
20231031110739.0 |
| 035 |
|
|
|a (RuTPU)RU\TPU\book\103903
|
| 090 |
|
|
|a 96976
|
| 100 |
|
|
|a 20060522d1962 k y0rusy50 ca
|
| 101 |
0 |
|
|a rus
|
| 102 |
|
|
|a RU
|
| 105 |
|
|
|a a g 001zy
|
| 200 |
0 |
|
|a Т. 1.
|
| 210 |
|
|
|d 1962
|
| 215 |
|
|
|a 479 с.
|c ил.
|e черт.
|
| 320 |
|
|
|a Алф. указ.: с. 475-479.
|
| 461 |
|
1 |
|0 (RuTPU)RU\TPU\book\110536
|t Справочник электротехника
|o в 2 т.
|f под ред. А. Д. Смирнова
|v Т. 1.
|d 1962-
|
| 610 |
1 |
|
|a электротехнические материалы
|
| 610 |
1 |
|
|a провода
|
| 610 |
1 |
|
|a кабели
|
| 610 |
1 |
|
|a изоляторы
|
| 610 |
1 |
|
|a арматура
|
| 610 |
1 |
|
|a электроизмерительные приборы
|
| 610 |
1 |
|
|a электрические машины
|
| 610 |
1 |
|
|a электроприводы
|
| 610 |
1 |
|
|a трансформаторы
|
| 610 |
1 |
|
|a синхронные машины
|
| 610 |
1 |
|
|a асинхронные двигатели
|
| 610 |
1 |
|
|a машины постоянного тока
|
| 610 |
1 |
|
|a двигатель - генераторы
|
| 610 |
1 |
|
|a преобразователи
|
| 610 |
1 |
|
|a выпрямители
|
| 610 |
1 |
|
|a справочники
|
| 675 |
|
|
|a 621.3
|v 3
|
| 801 |
|
1 |
|a RU
|b 63413507
|c 20060522
|g PSBO
|
| 801 |
|
2 |
|a RU
|b 63413507
|c 20061019
|g PSBO
|
| 942 |
|
|
|c BK
|